| 000 | 00459nam a22001577a 4500 | ||
|---|---|---|---|
| 082 |
_a620.00420287 _bGRA |
||
| 100 |
_aGrabowski, Ralph. , _940548 |
||
| 245 |
_aLearn Autocad in a day _cGrabowski, Ralph. , |
||
| 250 | _a1st ed. | ||
| 260 |
_aNew Delhi : _bBPB _cc1992. |
||
| 300 |
_aiii, 144 p. : _bill. : _c18 cm. _emaps. |
||
| 526 |
_a0 _b0 _c0 _d620_004202800000000_GRA |
||
| 526 |
_a0 _b0 _c0 _d620_004202870000000_GRA |
||
| 650 |
_aMCE _9379 |
||
| 942 |
_2ddc _cBK |
||
| 999 |
_c544806 _d544806 |
||